Almanaque mundial 2005 /
Guardado en:
| Autor Principal: | |
|---|---|
| Formato: | Libro |
| Publicado: |
Santiago de Chile :
Televisa,
2004
|
| Edición: | 51a. ed. |
| Etiquetas: |
Agregar Etiqueta
Sin Etiquetas, Sea el primero en etiquetar este registro!
|
| LEADER | 00483nam a22001695a 4500 | ||
|---|---|---|---|
| 001 | CEM.cems017321 | ||
| 005 | 20120329150605.0 | ||
| 008 | 130507s2004##################000#0#####d | ||
| 003 | CEMS | ||
| 020 | |a 16653742 | ||
| 082 | 0 | 4 | |a 910.3 |
| 100 | 1 | |a Iglesias, Iván | |
| 245 | 1 | 0 | |a Almanaque mundial 2005 / |c Iván Iglesias |
| 250 | |a 51a. ed. | ||
| 260 | |a Santiago de Chile : |b Televisa, |c 2004 | ||
| 300 | |a 607 p. + 32 p. | ||
| 859 | |a CEMS |b BIB. CEMS - Agricultura |h 910.3 |i Ig4 |p A0645.06 |t Ej.1 |v 2005 |3 2005 | ||
